000 00287nam a22001337a 4500
082 _a920
_bMOH/S
100 _aMOHAN,RAVINDRA
245 _aSWAMI VIVEKANANDA
250 _aFIRST
260 _aTHRISSUR
_bH& C PUBLISHING HOUSE
300 _a88
650 _aBIOGRAPHY
_zKERALA
942 _cBK
999 _c6281
_d6281